[Event "V Open Capo d'Orso"]
[Site "Portomannu - Palau ITA"]
[Date "2013.06.04"]
[Round "5"]
[White "Sprotte, Norbert"]
[Black "Bonafede, Alessandro"]
[WhiteElo "2144"]
[BlackElo "2353"]
[Result "0-1"]
[PlyCount "112"]
[EventDate "2013.06.01"]

1. d4 f5 2. g3 Nf6 3. Bg2 g6 4. Nh3 Bg7 5. O-O O-O 6. Nd2 d6 7. c3 Nc6 8. Qb3+
Kh8 9. Ng5 d5 10. f4 h6 11. Nh3 a5 12. a4 b6 13. Nf2 Ba6 14. Nd3 Ne4 15. Nf3
Kh7 16. Qc2 e6 17. b3 g5 18. Nfe5 Nxe5 19. Nxe5 Bxe5 20. fxe5 c5 21. Bxe4 dxe4
22. Be3 Rc8 23. dxc5 bxc5 24. Rad1 Qe8 25. Rd6 Bb7 26. Qd2 c4 27. Rd7+ Rf7 28.
Rxf7+ Qxf7 29. Qb2 Bd5 30. b4 Qh5 31. Bd4 e3 32. Bxe3 f4 33. Bc5 fxg3 34. e3 g2
35. Re1 Be4 36. Qe2 Qxe2 37. Rxe2 g4 38. Bd6 axb4 39. Bxb4 Rd8 40. Bd6 Ra8 41.
Ra2 Ra5 42. Ra1 h5 43. Bc7 Ra7 44. Bd8 Ra8 45. Bf6 Ra5 46. Bd8 Rd5 47. Bf6 Rd3
48. Rc1 Rd2 49. a5 Ra2 50. Bd8 Ra3 51. Bc7 h4 52. Bd8 h3 53. Kf2 Ra2+ 54. Kg1
Kg6 55. Bb6 Kf5 56. Bc7 g3 0-1

[Event "V Open Capo d'Orso"]
[Site "Portomannu - Palau ITA"]
[Date "2013.06.04"]
[Round "5"]
[White "Tommasini, Enzo"]
[Black "Mercandelli, Claudio"]
[WhiteElo "2161"]
[BlackElo "1893"]
[Result "1-0"]
[PlyCount "101"]
[EventDate "2013.06.01"]

1. d4 Nf6 2. c4 e6 3. g3 d5 4. Bg2 Nbd7 5. Nf3 Be7 6. O-O O-O 7. Nbd2 c6 8. Qc2
Re8 9. b3 Nf8 10. Bb2 b6 11. Ne5 Bb7 12. e4 Rc8 13. Rad1 Qc7 14. Rfe1 c5 15.
exd5 exd5 16. Ndf3 Ne6 17. Bh3 Bf8 18. dxc5 Qxc5 19. Nxf7 Ne4 20. N7e5 Rcd8 21.
Bxe6+ Rxe6 22. Rxe4 dxe4 23. Rxd8 exf3 24. Qc3 Rd6 25. Rxd6 Qxd6 26. Nxf3 Qd1+
27. Kg2 Qe2 28. Ba1 Qxa2 29. g4 Qe2 30. Qe3 Qxe3 31. fxe3 Bd6 32. h3 Be4 33.
Kf2 Bb4 34. Ke2 g6 35. Be5 Bc2 36. Nd4 Be4 37. Bg3 Kf7 38. Be1 a5 39. Bxb4 axb4
40. Kf2 g5 41. Nf3 Kf6 42. Nd2 Bc2 43. e4 h6 44. Ke3 Ke6 45. Nf3 Bd1 46. Nd4+
Ke5 47. Nc6+ Kd6 48. Nxb4 Bxb3 49. Kd4 Bd1 50. Nd5 Kc6 51. Ne7+ 1-0

[Event "V Open Capo d'Orso"]
[Site "Portomannu - Palau ITA"]
[Date "2013.06.05"]
[Round "6"]
[White "Battasi, Antonio Domenico"]
[Black "Salzano, Guido"]
[WhiteElo "1740"]
[BlackElo "1990"]
[Result "1-0"]
[PlyCount "91"]
[EventDate "2013.06.01"]

1. e4 Nf6 2. e5 Nd5 3. d4 d6 4. exd6 exd6 5. c4 Nf6 6. Nc3 Nc6 7. Be2 Be7 8.
Nf3 Bg4 9. O-O O-O 10. d5 Bxf3 11. Bxf3 Ne5 12. Be2 a5 13. b3 Re8 14. Bg5 Nfd7
15. Be3 Nc5 16. Rb1 Ned7 17. Bf3 Bg5 18. Bxg5 Qxg5 19. Nb5 Na6 20. g3 Re7 21.
Re1 Rae8 22. Rxe7 Rxe7 23. Bg2 Ndc5 24. Qd4 Nb4 25. a3 Qf5 26. Qd1 Nbd3 27. Qc2
Qe5 28. b4 Ne1 29. Qd1 axb4 30. axb4 Ncd3 31. Qd2 h5 32. Kf1 Qf6 33. c5 dxc5
34. bxc5 Qa6 35. d6 cxd6 36. cxd6 Rd7 37. Qe2 Rd8 38. Be4 Nc5 39. Qxe1 Nxe4 40.
Qxe4 Rxd6 41. Qe8+ Kh7 42. Kg1 Rf6 43. Qe5 Qa2 44. Rb2 Qa1+ 45. Kg2 Qd1 46. Re2
1-0

[Event "V Open Capo d'Orso"]
[Site "Portomannu - Palau ITA"]
[Date "2013.06.05"]
[Round "6"]
[White "Bonafede, Alessandro"]
[Black "Kyas, Juergen"]
[WhiteElo "2353"]
[BlackElo "2198"]
[Result "1/2-1/2"]
[PlyCount "52"]
[EventDate "2013.06.01"]

1. e4 c5 2. b4 cxb4 3. a3 e6 4. axb4 Bxb4 5. c3 Be7 6. d4 d5 7. e5 Nc6 8. Bd3
f5 9. Ne2 Nh6 10. Bxh6 gxh6 11. g3 O-O 12. h4 Kh8 13. Nf4 Rg8 14. Kf1 Bd7 15.
Na3 Rc8 16. Qh5 Bxa3 17. Rxa3 Qf8 18. Ra1 a6 19. Kg2 Nd8 20. Rhc1 Rg4 21. Kh2
Rc6 22. Ra5 Rb6 23. Rb1 Rxb1 24. Bxb1 Nc6 25. Rc5 Rxf4 26. gxf4 b6 1/2-1/2

[Event "V Open Capo d'Orso"]
[Site "Portomannu - Palau ITA"]
[Date "2013.06.05"]
[Round "6"]
[White "Caoili, Arianne"]
[Black "Marin, Mihail"]
[WhiteElo "2219"]
[BlackElo "2549"]
[Result "0-1"]
[PlyCount "112"]
[EventDate "2013.06.01"]

1. Nf3 Nf6 2. g3 d5 3. Bg2 c6 4. d3 Bf5 5. O-O h6 6. Nbd2 e6 7. Qe1 Be7 8. e4
Bh7 9. Qe2 O-O 10. b3 a5 11. a3 Nbd7 12. Bb2 b5 13. Ne1 Qb6 14. Kh1 Rad8 15. f4
dxe4 16. dxe4 Nc5 17. g4 Rd7 18. f5 Rfd8 19. Bc3 h5 20. g5 Ng4 21. h3 b4 22.
axb4 axb4 23. Nc4 Qc7 24. hxg4 bxc3 25. b4 Qg3 26. Nf3 hxg4 27. bxc5 gxf3 28.
Qxf3 Qxf3 29. Bxf3 Bxg5 30. Nd6 Be3 31. e5 Bxc5 32. Bxc6 Rc7 33. Nb7 Rdc8 34.
Be4 Bxf5 35. Bxf5 exf5 36. Nxc5 Rxc5 37. Rxf5 g6 38. Rf6 Rxe5 39. Ra7 Rf8 40.
Rc7 Re2 41. Rxc3 Kg7 42. Rff3 Rd8 43. Kg1 Rd1+ 44. Rf1 Rdd2 45. Rc1 g5 46. Rc5
Kg6 47. c4 g4 48. Rc8 f5 49. c5 Rc2 50. Rd1 Kg5 51. c6 Re6 52. c7 Rec6 53. Rf1
Rxc7 54. Rg8+ Kh4 55. Rxf5 Kg3 56. Rh8 Rg2+ 0-1

[Event "V Open Capo d'Orso"]
[Site "Portomannu - Palau ITA"]
[Date "2013.06.05"]
[Round "6"]
[White "Lanzani, Mario"]
[Black "Loeffler, Stefan"]
[WhiteElo "2303"]
[BlackElo "2425"]
[Result "1/2-1/2"]
[PlyCount "39"]
[EventDate "2013.06.01"]

1. e4 Nf6 2. e5 Nd5 3. d4 d6 4. c4 Nb6 5. exd6 exd6 6. Nc3 Be7 7. h3 O-O 8. Nf3
c5 9. d5 Re8 10. Be3 Bf5 11. Bd3 Bxd3 12. Qxd3 N8d7 13. O-O Bf6 14. Rae1 Ne5
15. Nxe5 Bxe5 16. f4 Bxc3 17. Qxc3 Qh4 18. b3 Nd7 19. Bc1 Nf6 20. Bb2 1/2-1/2

[Event "V Open Capo d'Orso"]
[Site "Portomannu - Palau ITA"]
[Date "2013.06.05"]
[Round "6"]
[White "Nohr, Finn"]
[Black "Murray, Jim G."]
[WhiteElo "2100"]
[BlackElo "1845"]
[Result "1-0"]
[PlyCount "79"]
[EventDate "2013.06.01"]

1. e4 e6 2. d4 d5 3. Nc3 Bb4 4. e5 c5 5. a3 Bxc3+ 6. bxc3 Ne7 7. Qg4 Qc7 8.
Qxg7 Rg8 9. Qxh7 cxd4 10. Ne2 Nbc6 11. f4 Bd7 12. Rb1 dxc3 13. Qd3 Nf5 14. Qxc3
d4 15. Qc4 Rc8 16. Bd2 Qb8 17. Qd3 Qc7 18. g3 b6 19. Bg2 Nce7 20. Nxd4 Nxd4 21.
Qxd4 Qxc2 22. Rc1 Nf5 23. Rxc2 Nxd4 24. Rxc8+ Bxc8 25. Kf2 Kd7 26. Bb4 Rd8 27.
h4 a5 28. Bd6 Nb5 29. Rd1 Nc3 30. Rd3 Nd5 31. Bxd5 exd5 32. Rxd5 Kc6 33. Rd2
Bg4 34. Rc2+ Kd7 35. Ke3 Rc8 36. Rxc8 Kxc8 37. Ke4 Kd7 38. f5 f6 39. Kf4 Bd1
40. g4 1-0

[Event "V Open Capo d'Orso"]
[Site "Portomannu - Palau ITA"]
[Date "2013.06.05"]
[Round "6"]
[White "Pitzanti, Matteo"]
[Black "Murgia, Andrea"]
[WhiteElo "1708"]
[BlackElo "1984"]
[Result "0-1"]
[PlyCount "102"]
[EventDate "2013.06.01"]

1. e4 e5 2. Nf3 Nc6 3. d4 exd4 4. Bc4 Nf6 5. e5 d5 6. Bb5 Ne4 7. Nxd4 Bd7 8.
Bxc6 bxc6 9. O-O Bc5 10. c3 O-O 11. f3 Ng5 12. f4 Ne4 13. Be3 Bb6 14. Nd2 c5
15. N4f3 Bb5 16. Re1 Bd3 17. Nxe4 dxe4 18. Nd2 f6 19. exf6 Qxf6 20. Qg4 c4 21.
g3 Rae8 22. Qh5 Qc6 23. Kh1 g6 24. Qh3 Bxe3 25. Rxe3 Qb6 26. Rae1 Qxb2 27. Qg2
Kg7 28. Nxe4 Qb6 29. Qf3 h6 30. h3 Qc6 31. Nd2 Rxe3 32. Rxe3 Qd7 33. Kh2 Rb8
34. Kg1 Rb2 35. Qg2 Bf5 36. Re2 Bxh3 37. Qh2 Bg4 38. Rf2 Qd3 39. Qg2 Qxc3 40.
Ne4 Qe1+ 41. Kh2 Rb5 42. f5 Rxf5 43. Rxf5 Bxf5 44. Qb2+ c3 45. Nxc3 Qe5 46. Qd2
h5 47. Kg2 c5 48. Qb2 Be4+ 49. Kh3 g5 50. Qd2 Bf5+ 51. Kg2 Kg6 0-1

[Event "V Open Capo d'Orso"]
[Site "Portomannu - Palau ITA"]
[Date "2013.06.05"]
[Round "6"]
[White "Rowson, Jonathan"]
[Black "Hajenius, Willem"]
[WhiteElo "2574"]
[BlackElo "1909"]
[Result "1-0"]
[PlyCount "77"]
[EventDate "2013.06.01"]

1. d4 Nf6 2. c4 g6 3. Nc3 Bg7 4. e4 d6 5. f3 c6 6. Be3 a6 7. c5 O-O 8. cxd6
exd6 9. Qd2 Re8 10. Rc1 b5 11. Bd3 Ra7 12. Nge2 c5 13. O-O c4 14. Bb1 Rae7 15.
d5 Bb7 16. Bd4 Nbd7 17. Ng3 h5 18. Nh1 Nc5 19. Nf2 Rc7 20. Rfe1 Nfd7 21. Bxg7
Kxg7 22. f4 Qf6 23. Ne2 Rcc8 24. Kh1 Kg8 25. Ng1 Na4 26. Nd1 Ndc5 27. Nf3 Nb6
28. Nf2 Nba4 29. Re2 Nd7 30. e5 dxe5 31. fxe5 Nxe5 32. Rce1 Nxf3 33. Rxe8+ Rxe8
34. Rxe8+ Kg7 35. gxf3 Qxf3+ 36. Kg1 Bxd5 37. Qd4+ f6 38. Be4 Qf4 39. Qxd5 1-0

[Event "V Open Capo d'Orso"]
[Site "Portomannu - Palau ITA"]
[Date "2013.06.05"]
[Round "6"]
[White "Serra, Emanuele"]
[Black "Danieli, Enrico"]
[WhiteElo "1903"]
[BlackElo "2093"]
[Result "1-0"]
[PlyCount "65"]
[EventDate "2013.06.01"]

1. c4 e5 2. Nc3 Nc6 3. g3 h5 4. Bg2 h4 5. gxh4 Rxh4 6. d3 Bc5 7. Nf3 Rg4 8. Bh3
Rg6 9. Bf5 Rh6 10. Bxh6 Nxh6 11. Bh3 d6 12. Bxc8 Qxc8 13. e3 Qf5 14. Qe2 O-O-O
15. Rg1 g6 16. O-O-O Rh8 17. d4 Bb4 18. Nd5 e4 19. Nd2 b5 20. a3 Bxd2+ 21. Rxd2
Ng8 22. Qg4 Qxg4 23. Rxg4 Na5 24. Rc2 bxc4 25. b4 c6 26. Nc3 Nb3+ 27. Kb2 d5
28. b5 Rxh2 29. bxc6 Nh6 30. Rf4 Nf5 31. Nxd5 Nd6 32. Rf6 Nb5 33. Rxf7 1-0

[Event "V Open Capo d'Orso"]
[Site "Portomannu - Palau ITA"]
[Date "2013.06.05"]
[Round "6"]
[White "Tischbierek, Raj"]
[Black "L'Ami, Alina"]
[WhiteElo "2426"]
[BlackElo "2345"]
[Result "1/2-1/2"]
[PlyCount "96"]
[EventDate "2013.06.01"]

1. e4 e6 2. d3 d5 3. Nd2 c5 4. Ngf3 Nc6 5. g3 Bd6 6. Bg2 Nge7 7. O-O O-O 8. Re1
Qc7 9. Qe2 f6 10. c3 b5 11. d4 cxd4 12. Nxd4 Nxd4 13. cxd4 Qb6 14. Nb3 a5 15.
Be3 dxe4 16. d5 Qb8 17. dxe6 f5 18. Nd4 Nd5 19. Rac1 Nxe3 20. Qxe3 Bb4 21. Red1
Qe5 22. Qb3 Kh8 23. a3 Be7 24. Rc6 Rd8 25. f4 Qf6 26. Nxb5 Rxd1+ 27. Qxd1 Bxe6
28. Qd4 Qxd4+ 29. Nxd4 Bd5 30. Rc7 Bf6 31. Nxf5 Bxb2 32. Ne7 Be6 33. Bxe4 Re8
34. a4 g6 35. Nc6 Bb3 36. Nxa5 Bxa4 37. Bf3 Bd4+ 38. Kg2 Bb6 39. Rb7 Bxa5 40.
Ra7 Bc3 41. Rxa4 Re7 42. g4 Rd7 43. g5 h6 44. Ra6 hxg5 45. fxg5 Rd2+ 46. Kg3
Be5+ 47. Kg4 Rd4+ 48. Kh3 Rd3 1/2-1/2

[Event "V Open Capo d'Orso"]
[Site "Portomannu - Palau ITA"]
[Date "2013.06.05"]
[Round "6"]
[White "Valet, Richard"]
[Black "Gedajlovic, Max"]
[WhiteElo "2068"]
[BlackElo "1813"]
[Result "0-1"]
[PlyCount "130"]
[EventDate "2013.06.01"]

1. e4 c5 2. Nc3 Nc6 3. g3 g6 4. Bg2 Bg7 5. d3 d6 6. f4 e6 7. Nf3 Nge7 8. O-O
O-O 9. Be3 b6 10. Bf2 Bb7 11. Qd2 Nd4 12. Nh4 f5 13. Nd1 Qd7 14. c3 Ndc6 15.
Ne3 Rad8 16. Rad1 Rfe8 17. h3 d5 18. e5 g5 19. Nf3 gxf4 20. gxf4 Ng6 21. Bg3
Bh6 22. Nh4 Ncxe5 23. Qe2 Nxh4 24. Bxh4 Ng6 25. Bxd8 Rxd8 26. c4 Nxf4 27. Rxf4
Bxf4 28. Rf1 Bxe3+ 29. Qxe3 Kh8 30. Re1 Qg7 31. Qe5 Qxe5 32. Rxe5 Ba6 33. cxd5
exd5 34. Rxf5 Bxd3 35. Rxd5 Rxd5 36. Bxd5 Kg7 37. Kf2 Kf6 38. Ke3 Ke5 39. Bg8
Bf5 40. a3 a5 41. h4 h6 42. Bf7 b5 43. Be8 b4 44. axb4 axb4 45. Bf7 Bd7 46. Bg8
Bb5 47. Bf7 Bc6 48. Bg8 Kf5 49. Kd3 Ke5 50. Kc4 Kd6 51. Bf7 Bg2 52. Bg8 Bf1+
53. Kb3 Ke5 54. Bf7 Kd4 55. Be6 Be2 56. Ka4 Ke3 57. Ka5 Kd2 58. b3 Kc3 59. Ka4
c4 60. bxc4 Bxc4 61. Bf5 Bb3+ 62. Ka5 Bd1 63. Bg6 b3 64. Ka4 b2+ 65. Ka3 Bc2
0-1

[Event "V Open Capo d'Orso"]
[Site "Portomannu - Palau ITA"]
[Date "2013.06.06"]
[Round "7"]
[White "Esposito, Luca"]
[Black "Mercandelli, Claudio"]
[WhiteElo "2297"]
[BlackElo "1893"]
[Result "1-0"]
[PlyCount "58"]
[EventDate "2013.06.01"]

1. d4 Nf6 2. c4 g6 3. g3 Bg7 4. Bg2 O-O 5. Nf3 d6 6. O-O Nc6 7. Nc3 a6 8. b3
Rb8 9. Nd5 e5 10. Bb2 Re8 11. e3 Bg4 12. h3 Bxf3 13. Bxf3 Nd7 14. Rc1 Ne7 15.
Qc2 c6 16. Nxe7+ Qxe7 17. Rfd1 Rbd8 18. Bg2 Nf8 19. Rd2 e4 20. Ba3 f5 21. b4 b6
22. c5 dxc5 23. bxc5 b5 24. Bb4 Qe6 25. a4 Qd5 26. axb5 axb5 27. Qa2 Ne6 28.
Qxd5 cxd5 29. Bf1 Ra8 1-0

[Event "V Open Capo d'Orso"]
[Site "Portomannu - Palau ITA"]
[Date "2013.06.06"]
[Round "7"]
[White "Gedajlovic, Max"]
[Black "Caoili, Arianne"]
[WhiteElo "1813"]
[BlackElo "2219"]
[Result "0-1"]
[PlyCount "90"]
[EventDate "2013.06.01"]

1. d4 f5 2. Bg5 g6 3. Nc3 Nh6 4. e4 Nf7 5. Be3 fxe4 6. Nxe4 Bg7 7. Nf3 d5 8.
Neg5 Nxg5 9. Bxg5 c5 10. Bb5+ Nc6 11. O-O Qb6 12. Bxc6+ bxc6 13. Re1 e6 14.
dxc5 Qxc5 15. Be3 Qe7 16. Bd4 O-O 17. Bxg7 Qxg7 18. Qd4 Rb8 19. b3 Rb6 20. Qe3
Rb4 21. Qc5 Rbf4 22. Qxc6 g5 23. Rad1 g4 24. Ne5 Rxf2 25. Nd3 R2f6 26. Nc5 g3
27. h3 Kh8 28. Qd6 e5 29. Qxd5 Bxh3 30. Ne4 Be6 31. Qd3 Rg6 32. Rf1 Bf5 33. Qf3
a5 34. c4 Rg4 35. Rde1 Rf4 36. Qxg3 Bxe4 37. Qxg7+ Kxg7 38. Rxf4 Rxf4 39. g3
Rg4 40. Kh2 Kf6 41. Rc1 Ke6 42. a3 Rg6 43. Rc3 Rf6 44. c5 h5 45. c6 Rf1 0-1

[Event "V Open Capo d'Orso"]
[Site "Portomannu - Palau ITA"]
[Date "2013.06.06"]
[Round "7"]
[White "Kyas, Juergen"]
[Black "Battasi, Antonio Domenico"]
[WhiteElo "2198"]
[BlackElo "1740"]
[Result "1-0"]
[PlyCount "95"]
[EventDate "2013.06.01"]

1. e4 c5 2. Nf3 d6 3. d4 cxd4 4. Nxd4 a6 5. Nc3 Nf6 6. Be2 e5 7. Nb3 Be7 8. Bg5
Nbd7 9. a4 b6 10. Bc4 Bb7 11. Qe2 Qc7 12. O-O O-O 13. Rfd1 Rfc8 14. Nd2 Nc5 15.
Bxf6 Bxf6 16. Nd5 Bxd5 17. Bxd5 Rab8 18. c3 b5 19. axb5 axb5 20. g3 Na4 21. Ra2
Qd7 22. Nf1 g6 23. Ne3 b4 24. cxb4 Rxb4 25. Nc4 Kg7 26. h4 Qb5 27. Rc1 Nxb2 28.
Ra7 Rf8 29. Rb7 Qc5 30. Rxb4 Qxb4 31. Qxb2 Qc5 32. Qb6 Qxb6 33. Nxb6 Bd8 34.
Rc6 Be7 35. Nc8 Kf6 36. Nxd6 Kg7 37. Nc4 f6 38. Rc7 Re8 39. Nd6 Kf8 40. Nxe8
Kxe8 41. Kf1 f5 42. Ke2 fxe4 43. Bxe4 Kf7 44. Kd3 Kf8 45. Bd5 g5 46. h5 h6 47.
Ke4 Ke8 48. Kf5 1-0

[Event "V Open Capo d'Orso"]
[Site "Portomannu - Palau ITA"]
[Date "2013.06.06"]
[Round "7"]
[White "L'Ami, Alina"]
[Black "Blonna, Michele"]
[WhiteElo "2345"]
[BlackElo "1938"]
[Result "1-0"]
[PlyCount "55"]
[EventDate "2013.06.01"]

1. d4 Nf6 2. c4 c5 3. d5 b5 4. cxb5 a6 5. f3 d6 6. e4 g6 7. Nc3 Bg7 8. bxa6 O-O
9. Bb5 e6 10. Nge2 exd5 11. exd5 Nxa6 12. O-O Qb6 13. Bc4 Re8 14. b3 Nd7 15.
Bf4 Ne5 16. Rc1 f5 17. Qd2 Qd8 18. Rfe1 Nb4 19. Bg5 Qb6 20. a4 Ba6 21. Nb5 Nf7
22. Bf4 Qd8 23. Nec3 Qd7 24. Re6 Bf8 25. Rce1 Kg7 26. Qb2 Kg8 27. Qe2 Rec8 28.
g4 1-0

[Event "V Open Capo d'Orso"]
[Site "Portomannu - Palau ITA"]
[Date "2013.06.06"]
[Round "7"]
[White "Libiszewski, Fabien"]
[Black "Nohr, Finn"]
[WhiteElo "2520"]
[BlackElo "2100"]
[Result "1-0"]
[PlyCount "53"]
[EventDate "2013.06.01"]

1. e4 e5 2. Nf3 Nc6 3. Bb5 Nge7 4. O-O a6 5. Bc4 Ng6 6. c3 Be7 7. d4 d6 8. Na3
O-O 9. Nc2 Nb8 10. Ne3 c6 11. a4 a5 12. Qb3 Qc7 13. Rd1 Nd7 14. Nf5 Nf6 15.
dxe5 dxe5 16. Be3 Bxf5 17. exf5 Nf4 18. Bb6 Qb8 19. Rd2 N4d5 20. Rad1 Nxb6 21.
Qxb6 Bd8 22. Bxf7+ Kh8 23. Qb3 Ne4 24. Re2 Nc5 25. Qc4 b6 26. Nxe5 Qc7 27. Qg4
1-0

[Event "V Open Capo d'Orso"]
[Site "Portomannu - Palau ITA"]
[Date "2013.06.06"]
[Round "7"]
[White "Loeffler, Stefan"]
[Black "Rombaldoni, Axel"]
[WhiteElo "2425"]
[BlackElo "2484"]
[Result "0-1"]
[PlyCount "78"]
[EventDate "2013.06.01"]

1. Nf3 Nf6 2. c4 g6 3. Nc3 d5 4. cxd5 Nxd5 5. Qc2 Bg7 6. e4 Nxc3 7. dxc3 c5 8.
Bf4 Nc6 9. Rd1 Qa5 10. Nd2 Be6 11. a4 O-O 12. Bc4 Rad8 13. Bxe6 fxe6 14. g3 Qa6
15. Qb3 g5 16. Be3 Ne5 17. c4 Nd3+ 18. Ke2 Nxb2 19. Rb1 Nxa4 20. Rhc1 Qa5 21.
Ke1 Bc3 22. Rc2 Bd4 23. Bxd4 Rxd4 24. Ra1 b5 25. cxb5 Rxe4+ 26. Kf1 Qb4 27. Qa2
Qxb5+ 28. Kg1 Re2 29. Qxa4 Qxa4 30. Rxa4 Rfxf2 31. Raa2 Rg2+ 32. Kf1 Rgf2+ 33.
Kg1 c4 34. Rxa7 Rg2+ 35. Kf1 Rgf2+ 36. Kg1 Rg2+ 37. Kf1 Rxd2 38. Rxd2 Rxd2 39.
Rc7 Rxh2 0-1

[Event "V Open Capo d'Orso"]
[Site "Portomannu - Palau ITA"]
[Date "2013.06.06"]
[Round "7"]
[White "Marin, Mihail"]
[Black "Rowson, Jonathan"]
[WhiteElo "2549"]
[BlackElo "2574"]
[Result "1/2-1/2"]
[PlyCount "48"]
[EventDate "2013.06.01"]

1. Nf3 d5 2. d4 Nf6 3. c4 e6 4. Nc3 Nbd7 5. Bf4 dxc4 6. e3 a6 7. Bxc4 b5 8. Bb3
Bb7 9. O-O Be7 10. Qe2 c5 11. Rfd1 Qb6 12. e4 b4 13. dxc5 Nxc5 14. Na4 Qb5 15.
Qxb5+ axb5 16. Nxc5 Bxc5 17. Rac1 Nxe4 18. Nd4 O-O 19. f3 Rfd8 20. Be5 Bxd4+
21. Bxd4 Nf6 22. Bxf6 gxf6 23. Rxd8+ Rxd8 24. Rc5 Bd5 1/2-1/2

[Event "V Open Capo d'Orso"]
[Site "Portomannu - Palau ITA"]
[Date "2013.06.06"]
[Round "7"]
[White "Murgia, Andrea"]
[Black "Bonafede, Alessandro"]
[WhiteElo "1984"]
[BlackElo "2353"]
[Result "0-1"]
[PlyCount "92"]
[EventDate "2013.06.01"]

1. e4 c5 2. c3 g6 3. d4 cxd4 4. cxd4 d5 5. exd5 Nf6 6. Bb5+ Nbd7 7. Nc3 Bg7 8.
d6 exd6 9. Qe2+ Qe7 10. Qxe7+ Kxe7 11. Bg5 Rd8 12. Nd5+ Kf8 13. Bxd7 Nxd5 14.
Bxd8 Bxd7 15. Bg5 Re8+ 16. Kd2 Bxd4 17. Bh6+ Kg8 18. Re1 Rd8 19. Ne2 Bxf2 20.
Ref1 Bb6 21. h4 Bb5 22. g4 Re8 23. Rh2 Re4 24. h5 Ne3 25. Bxe3 Bxe3+ 26. Kd1
Rxg4 27. Rf3 Bc5 28. h6 Bc6 29. Rf4 Rxf4 30. Nxf4 Be3 31. Ne2 f5 32. Nc3 Bf3+
33. Kc2 g5 34. Kd3 Bf4 35. Rf2 g4 36. Nb5 Be5 37. Rf1 g3 38. Nd4 g2 39. Rxf3
g1=Q 40. Nxf5 Kf7 41. Nxd6+ Ke6 42. Nf7 Qd4+ 43. Ke2 Qxb2+ 44. Kf1 Qa1+ 45. Kg2
Qxa2+ 46. Rf2 Qxf2+ 0-1

[Event "V Open Capo d'Orso"]
[Site "Portomannu - Palau ITA"]
[Date "2013.06.06"]
[Round "7"]
[White "Pieri, Enzo"]
[Black "Cardili, Mariano"]
[WhiteElo "1726"]
[BlackElo "2131"]
[Result "0-1"]
[PlyCount "86"]
[EventDate "2013.06.01"]

1. d4 d5 2. Nf3 Nf6 3. g3 e6 4. Bg2 c6 5. O-O Nbd7 6. Nbd2 Bd6 7. c4 O-O 8.
cxd5 exd5 9. Ne1 Re8 10. Nd3 Ne4 11. Nf3 Qb6 12. Qc2 Ndf6 13. Bf4 Bxf4 14. Nxf4
Bf5 15. Bh3 Bxh3 16. Nxh3 Rac8 17. b4 Qxb4 18. Rab1 Qe7 19. e3 Qc7 20. Nf4 Nd6
21. Ne5 b5 22. a4 Nc4 23. axb5 Na3 24. Qxc6 Nxb1 25. Rxb1 Qa5 26. Qa6 Qxa6 27.
bxa6 Rc7 28. Rb7 Rxb7 29. axb7 Rb8 30. g4 g5 31. Nfd3 Rxb7 32. Nc5 Rb2 33. Nc6
Ra2 34. h4 h6 35. hxg5 hxg5 36. f4 gxf4 37. exf4 Nxg4 38. Ne7+ Kf8 39. Nxd5 Rd2
40. Nd7+ Ke8 41. Ne5 Nxe5 42. Nf6+ Kd8 43. dxe5 a5 0-1

[Event "V Open Capo d'Orso"]
[Site "Portomannu - Palau ITA"]
[Date "2013.06.06"]
[Round "7"]
[White "Serra, Emanuele"]
[Black "Lanzani, Mario"]
[WhiteElo "1903"]
[BlackElo "2303"]
[Result "0-1"]
[PlyCount "54"]
[EventDate "2013.06.01"]

1. f4 Nf6 2. Nf3 g6 3. b3 Bg7 4. Bb2 O-O 5. e3 d6 6. Be2 c5 7. O-O Nc6 8. Nc3
e5 9. fxe5 dxe5 10. e4 Nd4 11. Kh1 b6 12. Bc4 Bg4 13. Be2 h5 14. Rc1 Qd6 15.
Nxd4 exd4 16. Nb5 Qd7 17. Bxg4 hxg4 18. e5 Nh5 19. Nd6 Bxe5 20. Nc4 Bc7 21. Qe1
g3 22. Rf3 Rae8 23. Qf1 gxh2 24. Qd3 Qg4 25. Rb1 Ng3+ 26. Rxg3 Qxg3 27. Qf1 Re6
0-1

[Event "V Open Capo d'Orso"]
[Site "Portomannu - Palau ITA"]
[Date "2013.06.06"]
[Round "7"]
[White "Sprotte, Norbert"]
[Black "Pedrinzani, Ivano"]
[WhiteElo "2144"]
[BlackElo "1874"]
[Result "1-0"]
[PlyCount "67"]
[EventDate "2013.06.01"]

1. Nf3 g6 2. c4 Bg7 3. d4 c5 4. Nc3 Nc6 5. d5 Nd4 6. Nd2 d6 7. e3 Nf5 8. Nf3 h5
9. Bd3 Bd7 10. Qc2 Ngh6 11. h3 a6 12. a4 e6 13. dxe6 fxe6 14. Ne2 e5 15. Nc3
Bc6 16. Be4 Qd7 17. Bd5 O-O-O 18. Ng5 Rde8 19. Bd2 Bf6 20. Nge4 Bd8 21. O-O-O
Rhf8 22. Be1 Ne7 23. Bxc6 Nxc6 24. Nxd6+ Kb8 25. Nxe8 Qxe8 26. Ne4 b6 27. a5
Nf5 28. axb6 Bxb6 29. g4 Nh4 30. g5 Qe6 31. Rd6 Qc8 32. Bc3 Nf3 33. Rhd1 Rf7
34. Rxg6 1-0

[Event "V Open Capo d'Orso"]
[Site "Portomannu - Palau ITA"]
[Date "2013.06.06"]
[Round "7"]
[White "Tommasini, Enzo"]
[Black "Tischbierek, Raj"]
[WhiteElo "2161"]
[BlackElo "2426"]
[Result "1/2-1/2"]
[PlyCount "98"]
[EventDate "2013.06.01"]

1. d4 Nf6 2. c4 e6 3. g3 c5 4. Nf3 cxd4 5. Nxd4 d5 6. Bg2 e5 7. Nf3 d4 8. O-O
Nc6 9. e3 Be7 10. exd4 exd4 11. Bf4 O-O 12. Nbd2 Nh5 13. Nxd4 Nxf4 14. Nxc6
bxc6 15. gxf4 Qc7 16. Qf3 Bf5 17. Ne4 Rae8 18. Rfe1 Bb4 19. Nc3 Re6 20. Rxe6
fxe6 21. Ne2 Rd8 22. Qb3 Bc5 23. Rd1 Rb8 24. Qc3 Bg4 25. Bh3 Bxh3 26. Qxh3 Rxb2
27. Qxe6+ Qf7 28. Rd8+ Bf8 29. Nd4 c5 30. Rd7 Qxe6 31. Nxe6 Rb8 32. Rxa7 g6 33.
Kg2 Bh6 34. Kf3 Rb4 35. Rc7 Rxc4 36. Rxc5 Ra4 37. Rc2 Kf7 38. Ng5+ Bxg5 39.
fxg5 Ke6 40. Kg3 Kf5 41. Rc5+ Ke6 42. h4 Ra7 43. Rb5 Kf7 44. Rb2 Ra4 45. f4
Ra3+ 46. Kg4 Ra4 47. Rb7+ Kg8 48. a3 Rxa3 49. h5 Ra8 1/2-1/2

[Event "V Open Capo d'Orso"]
[Site "Portomannu - Palau ITA"]
[Date "2013.06.07"]
[Round "8"]
[White "Bonafede, Alessandro"]
[Black "Rombaldoni, Axel"]
[WhiteElo "2353"]
[BlackElo "2484"]
[Result "0-1"]
[PlyCount "38"]
[EventDate "2013.06.01"]

1. e4 e6 2. d3 d5 3. Nd2 Nf6 4. Ngf3 b6 5. e5 Nfd7 6. g3 c5 7. Bg2 Nc6 8. c4
Ndxe5 9. Nxe5 Nxe5 10. Qe2 Nc6 11. Bxd5 Nd4 12. Qe4 Rb8 13. O-O Be7 14. Qe5
exd5 15. Qxb8 O-O 16. Qxa7 dxc4 17. dxc4 Bd7 18. b4 Bf6 19. Rb1 Ne2+ 0-1

[Event "V Open Capo d'Orso"]
[Site "Portomannu - Palau ITA"]
[Date "2013.06.07"]
[Round "8"]
[White "Caoili, Arianne"]
[Black "Libiszewski, Fabien"]
[WhiteElo "2219"]
[BlackElo "2520"]
[Result "0-1"]
[PlyCount "78"]
[EventDate "2013.06.01"]

1. Nf3 g6 2. g3 Bg7 3. Bg2 e5 4. c4 Ne7 5. Nc3 O-O 6. d4 d6 7. dxe5 dxe5 8. Bg5
f6 9. Be3 Nbc6 10. Qc1 Be6 11. b3 Nf5 12. Bc5 Rf7 13. O-O a5 14. Rd1 Rd7 15.
Ne1 Rb8 16. Nd3 Bh6 17. Qb2 Ncd4 18. Ba3 b6 19. e3 Bxe3 20. fxe3 Nxe3 21. Rdc1
Nxb3 22. axb3 Rxd3 23. Ra2 Nxg2 24. Kxg2 Qd4 25. Nb1 Qe4+ 26. Kg1 Rbd8 27. Qe2
Qd4+ 28. Qf2 Rd1+ 29. Rxd1 Qxd1+ 30. Qf1 Qxf1+ 31. Kxf1 Rd1+ 32. Kf2 Rxb1 33.
Be7 Kf7 34. Bd8 Rxb3 35. Rc2 a4 36. c5 a3 37. cxb6 Rb2 38. Re2 Rxe2+ 39. Kxe2
cxb6 0-1

[Event "V Open Capo d'Orso"]
[Site "Portomannu - Palau ITA"]
[Date "2013.06.07"]
[Round "8"]
[White "Cardili, Mariano"]
[Black "Sprotte, Norbert"]
[WhiteElo "2131"]
[BlackElo "2144"]
[Result "1/2-1/2"]
[PlyCount "44"]
[EventDate "2013.06.01"]

1. d4 e6 2. c4 Bb4+ 3. Nc3 Nf6 4. e3 O-O 5. Nf3 c5 6. Bd3 d5 7. O-O dxc4 8.
Bxc4 Nbd7 9. Qe2 a6 10. Rd1 cxd4 11. exd4 Nb6 12. Bd3 Nbd5 13. Bd2 Be7 14. Rac1
b6 15. Nxd5 Qxd5 16. Bg5 Bb7 17. Bc4 Qf5 18. Bh4 Bxf3 19. Qxf3 Qxf3 20. gxf3 b5
21. Bf1 Ra7 22. Rc6 Nd5 1/2-1/2